000 01299nam a22002297a 4500
999 _c62126
_d62126
003 Ge_BSU
005 20240717150242.0
008 240717s ge ||||| |||| 00| 0 geo d
020 _a9789941848834
041 _ageo
080 _a159.964.2+821.11-4 ₾-87
100 _aლოურენსი, დევიდ ჰერბერტ, 1885-1930
_e ავტორი.
_922859
245 _aპორნოგრაფია და უხამსობა ; ფსიქოანალიზი და არაცნობიერი /
_c დევიდ ჰერბერტ ლოურენსი ; მთარგმ. გია ბერაძე.
250 _aმე-2 გამოცემა.
264 _aთბილისი :
_bაქტი,
_c2022.
300 _a142 გვ. ;
_b19,5 სმ
653 _aფსიქოანალიზი.
653 _aცნობიერი და არაცნობიერი.
653 _aინგლისური ლიტერატურა -- ესსეები. ინგლისური ლიტერატურა -- თარგმანები ქართულ ენაზე.
700 _aბერაძე, გია
_eმთარგმნელი.
_922860
942 _2udc
_cᲬᲘᲒᲜᲘ